| 000 | 01904cam a2200469Ia 4500 | ||
|---|---|---|---|
| 001 | DIGUAL0031 | ||
| 003 | NyNyDIG | ||
| 006 | m o d | ||
| 007 | cr ||||||||||| | ||
| 008 | 121201s2002 sp ob 000 1 spa d | ||
| 020 | _z8479086904 | ||
| 020 | _z9788479086909 | ||
| 035 | _a(OCoLC)647947974 | ||
| 040 |
_aDGITA _beng _epn _cDGITA |
||
| 041 | 1 |
_aspa _heng |
|
| 043 | _ae-sp--- | ||
| 050 | 1 | 4 | _aPR3404 eBook |
| 100 | 1 |
_aDefoe, Daniel, _d1661?-1731, _eauthor |
|
| 240 | 1 | 0 |
_aMemoirs of an English officer. _lSpanish _s(Lorenzo Miralles) |
| 245 | 1 | 0 |
_aMemorias de guerra del Capitán George Carleton : _blos españoles vistos por un oficial inglés durante la Guerra de Sucesión / _cDaniel Defoe ; estudio preliminar y notas de Virginia León Sanz ; traduccíon de Jaime Lorenzo Miralles. |
| 264 | 1 |
_aSan Vicente del Raspeig : _bPublicaciones de la Universidad de Alicante, _c[2002] |
|
| 300 | _a1 online resource. | ||
| 336 |
_atext _btxt _2rdacontent |
||
| 337 |
_acomputer _bc _2rdamedia |
||
| 338 |
_aonline resource _bcr _2rdacarrier |
||
| 504 | _aIncludes bibliographical references. | ||
| 650 | 0 |
_aSpanish Succession, War of, 1701-1714 _vFiction. |
|
| 650 | 0 |
_aBritish _zSpain _vFiction. |
|
| 650 | 0 |
_aSoldiers _vFiction. |
|
| 650 | 0 |
_aGreat Britain _xHistory, Military _y1603-1714 _vFiction. |
|
| 651 | 0 |
_aSpain _xDescription and travel. |
|
| 655 | 7 |
_aAction and adventure fiction. _2lcgft |
|
| 655 | 0 | _aElectronic books. | |
| 700 | 1 |
_iTranslation of: _aDefoe, Daniel, _d1661?-1731. _tMemories of an English officer. |
|
| 700 | 1 |
_aLeón Sanz, Virginia, _eeditor. |
|
| 700 | 1 |
_aLorenzo Miralles, Jaime, _etranslator. |
|
| 791 | 2 |
_aDigitalia (Firm), _edistributor. |
|
| 793 | 0 |
_gDigitalia eBook Collection: _aUniv. de Alicante. |
|
| 856 | 4 | 0 |
_3Digitalia Hispánica _uhttps://www.digitaliapublishing.com/a/741/ |
| 910 | _aPremium Collection: 2007-2012 | ||
| 942 | _cRAA | ||
| 999 |
_c229743 _d229743 |
||